000 00705nam a2200181 i 4500
001 85583
003 ES-MaACL
005 20230906175252.0
007 t|
008 041129s1916 ag ||||1| spa d
245 0 0 _aJusticia provincial :
_binforme de la Comisión investigadora nombrada en la sesión del 16 de octubre de 1912.
260 _aLa Plata :
_b[s.n.,
_c1916] (
_fTaller de Impresiones Oficiales)
300 _a317 p. ;
_c27 cm.
594 _aPrecede al tít.: Cámara de Diputados de la Provincia de Buenos Aires.
650 4 _aAdministración de justicia-
_zArgentina.
_9174799
710 1 _aBuenos Aires (Provincia).
_bCongreso.
_bCámara de Diputados.
_9174798
852 4 _aES-MaACL
_jG-6064
999 _c85583
_d85583